书目信息 |
| 题名: |
简明英汉医学缩略语词典
|
|
| 作者: | 刘中元 编 | |
| 分册: | ||
| 出版信息: | 重庆 科学技术文献出版社重庆分社 1982.07 |
|
| 页数: | ||
| 开本: | ||
| 丛书名: | ||
| 单 册: | ||
| 中图分类: | R-61 | |
| 科图分类: | ||
| 主题词: | 医药学 | |
| 电子资源: | ||
| ISBN: | ||
| 000 | 00528nam0 2200181 45 | |
| 001 | 0006200856 | |
| 005 | 20000620082842.4 | |
| 010 | @d2.20元 | |
| 100 | @a20000620d1982 km y0chiy0120 ea | |
| 101 | 0 | @achi |
| 105 | @a z 000yy | |
| 200 | 1 | @a简明英汉医学缩略语词典@AJian Ming Ying Han Yi Xue Suo Lue Yu Ci Dian@f刘中元编@FLiu Zhong Yuan Bian |
| 210 | @a重庆@c科学技术文献出版社重庆分社@d1982.07 | |
| 606 | 0 | @a医药学 |
| 690 | @aR-61@v3 | |
| 701 | 0 | @a刘中元@4编 |
| 801 | @aCN@bPftUser@c20000620 | |
| 905 | @b208399@dR-61@eL931@f1 | |
| 简明英汉医学缩略语词典/刘中元编.-重庆:科学技术文献出版社重庆分社,1982.07 |
| ISBN :2.20元 |
| ● |
| 相关链接 |
|
|
|
正题名:简明英汉医学缩略语词典
索取号:R-61/L931
 
预约/预借
| 序号 | 登录号 | 条形码 | 馆藏地/架位号 | 状态 | 备注 |
| 1 | 208399 | 202083994 | 自科库401/401自科库 103排2列2层/ [索取号:R-61/L931] | 在馆 |